[Event "AUTO-OPEN-3006"]
[Site "http://www.queenalice.com/game.php?id=1186852"]
[Date "2013.6.1"]
[Round "1"]
[White "kingdave"]
[Black "francoxx48"]
[Result "1-0"]
[WhiteElo "2116"]
[BlackElo "1741"]

1. e4 e5 2. Nf3 f6 3. Nc3 c6 4. Bc4 Nh6 5. d4 Ng4 6. dxe5 Bc5 7. O-O h5 8. exf6
gxf6 9. Qd3 Rg8 10. Bxg8 Qb6 11. Nd1 Na6 12. Be3 d6 13. Bxc5 Qxc5 14. Qc3 Bd7
15. Qxc5 Nxc5 16. Bh7 O-O-O 17. Bg6 Rh8 18. Nc3 h4 19. h3 Ne5 20. Nxe5 fxe5 21.
f4 Rg8 22. Bf5 Ne6 23. fxe5 dxe5 24. Rad1 Nd4 25. Bxd7+ Kxd7 26. Ne2 c5 27. c3
Kc6 28. cxd4 cxd4 29. Rf5 Kd6 30. Rh5 Ke6 31. Rxh4 Rd8 32. Rh7 1-0

[Event "AUTO-OPEN-3006"]
[Site "http://www.queenalice.com/game.php?id=1186855"]
[Date "2013.6.1"]
[Round "1"]
[White "francoxx48"]
[Black "Narizinho"]
[Result "1-0"]
[WhiteElo "1708"]
[BlackElo "1389"]

1. d4 d5 2. Nc3 Nf6 3. h3 Nc6 4. Bf4 Bd7 5. Nb5 e6 6. Nxc7+ Ke7 7. Nxa8 Qxa8 8.
e3 g6 9. c3 h6 10. b4 g5 11. Be5 h5 12. Nf3 g4 13. Bxf6+ Kxf6 14. Ne5 Bc8 15. a3
Nxe5 16. dxe5+ Kxe5 17. Qd4+ Kd6 18. Qxh8 b6 19. Qxf8+ Ke5 20. hxg4 hxg4 21.
Rh5+ Ke4 22. Qd6 Qb7 23. Qe5# 1-0

[Event "AUTO-OPEN-3006"]
[Site "http://www.queenalice.com/game.php?id=1186856"]
[Date "2013.6.1"]
[Round "1"]
[White "Narizinho"]
[Black "francoxx48"]
[Result "0-1"]
[WhiteElo "1384"]
[BlackElo "1711"]

1. e4 e5 2. Nf3 f6 3. Nc3 c6 4. d3 Qa5 5. Be2 d6 6. O-O Ne7 7. a3 Na6 8. d4 h5
9. dxe5 dxe5 10. Bd2 Qc7 11. b4 h4 12. b5 Nc5 13. bxc6 bxc6 14. a4 f5 15. exf5
Bxf5 16. a5 a6 17. Bg5 Rd8 18. Qc1 g6 19. Bxh4 e4 20. Nd2 Rxh4 21. g3 Rh3 22.
Qa3 Nd5 23. Nxd5 cxd5 24. c4 d4 25. g4 Qxh2# 0-1

[Event "Challenge"]
[Site "http://www.queenalice.com/game.php?id=1187581"]
[Date "2013.6.4"]
[Round "-"]
[White "Herbert_Paulo"]
[Black "francoxx48"]
[Result "0-1"]
[WhiteElo "1280"]
[BlackElo "1737"]

1. e4 e5 2. Nf3 Qf6 3. Nc3 c6 4. d3 h6 5. Be2 d6 6. O-O h5 7. Ne1 g6 8. f4 Nh6
9. fxe5 Qxe5 10. Nf3 Qc5+ 0-1

[Event "OS INCLIVEIS"]
[Site "http://www.queenalice.com/game.php?id=1187802"]
[Date "2013.6.4"]
[Round "-"]
[White "adelio"]
[Black "francoxx48"]
[Result "1-0"]
[WhiteElo "1797"]
[BlackElo "1767"]

1. e4 e5 2. Nf3 Qf6 3. Nc3 c6 4. g3 d6 5. Be2 h5 6. d3 Nh6 7. Bg5 Qe6 8. h3 f6
9. Bxh6 Rxh6 10. Nh4 Qf7 11. g4 g5 12. Nf5 Bxf5 13. exf5 hxg4 14. Bxg4 Rh4 15.
Qe2 a5 16. b3 d5 17. a3 Bc5 18. Ra2 Na6 19. O-O O-O-O 20. Na4 1-0

[Event "AUTO-ADV-2871"]
[Site "http://www.queenalice.com/game.php?id=1188258"]
[Date "2013.6.6"]
[Round "1"]
[White "josebaron"]
[Black "francoxx48"]
[Result "0-1"]
[WhiteElo "1925"]
[BlackElo "1705"]

1. e4 e5 2. Bc4 Qf6 3. Nf3 h6 4. d3 g5 5. h3 Ne7 6. c3 c6 7. O-O d6 8. Nh2 h5 9.
Qf3 Qxf3 10. Nxf3 g4 11. Ng5 d5 12. exd5 cxd5 13. Bb5+ Bd7 14. Bxd7+ Nxd7 15. h4
Nc5 16. d4 Nd3 17. dxe5 Nxe5 18. Re1 Bg7 19. g3 Rd8 20. Be3 a5 21. Bd4 N7c6 22.
Nd2 O-O 23. f4 Nd3 24. Re3 Bxd4 25. cxd4 Ncb4 26. Re7 Nc2 27. Rb1 Rde8 28. Rxb7
Re2 29. Nf1 Nxd4 30. Rd1 Nf3+ 31. Nxf3 Nf2 32. Nd4 Nh3+ 33. Kh1 Rf2 34. a4 Re8
35. b4 Rb2 36. Rb5 Nf2+ 37. Kg1 Nxd1 38. bxa5 Rf2 39. Rxd5 Re1 40. Rd8+ Kh7 0-1

[Event "AUTO-ADV-2871"]
[Site "http://www.queenalice.com/game.php?id=1188259"]
[Date "2013.6.6"]
[Round "1"]
[White "francoxx48"]
[Black "josebaron"]
[Result "1/2-1/2"]
[WhiteElo "1761"]
[BlackElo "1957"]

1. d4 d5 2. c3 Nf6 3. f3 e6 4. h4 Be7 5. e3 c5 6. g4 h6 7. h5 Qc7 8. Ne2 c4 9.
Na3 Bxa3 10. bxa3 Nbd7 11. Bb2 e5 12. Bg2 e4 13. Nf4 exf3 14. Bxf3 Nb6 15. a4 a5
16. Ba3 Bd7 17. Bc5 Bxa4 18. Qb1 Nbd7 19. Nxd5 Qg3+ 20. Ke2 Nxc5 21. dxc5 Bc6
22. Qf5 Bxd5 23. Bxd5 Nxd5 24. Qxd5 Qxg4+ 25. Kf2 O-O 26. Rag1 Qe6 27. Qg2 Qf6+
28. Qf3 Qxf3+ 29. Kxf3 Rac8 30. Rb1 Rc7 31. Rh4 Rxc5 32. Rxb7 Re8 33. e4 f5 34.
Rf4 fxe4+ 35. Ke3 Rxh5 36. Rff7 Rg5 37. a4 h5 38. Rfe7 Rxe7 39. Rxe7 Rg3+ 40.
Kd4 h4 41. Rxe4 h3 42. Rh4 g5 43. Rh5 Rg4+ 44. Kc5 Rh4 45. Rxg5+ Kf7 46. Rf5+
Ke6 47. Rf1 h2 48. Rh1 Kd7 49. Kb5 Kc7 50. Kxa5 Kb7 51. Kb5 Ka7 52. a5 Kb7 53.
Kc5 Ka7 54. Kb5 Kb7 55. Kc5 Kb8 56. Kb5 Ka8 57. Kc5 Ka7 58. Kb5 1/2-1/2

[Event "AUTO-ADV-2871"]
[Site "http://www.queenalice.com/game.php?id=1188274"]
[Date "2013.6.6"]
[Round "1"]
[White "Artking"]
[Black "francoxx48"]
[Result "1-0"]
[WhiteElo "1933"]
[BlackElo "1735"]

1. e4 e5 2. Nf3 h5 3. Bc4 Nh6 4. h3 f6 5. Nxe5 g6 6. Nxg6 Nf7 7. Nxh8 Qe7 8. O-O
Qc5 9. Bxf7+ Kd8 10. Bxh5 d6 11. Nf7+ Ke7 12. d4 Qb5 13. Nc3 Qc4 14. Nd5+ Kd7
15. Qg4+ Kc6 16. Nd8+ Kb5 17. Qxc8 Qxd4 18. Qxb7+ Kc4 19. Be2+ Qd3 20. Qb4# 1-0

[Event "AUTO-ADV-2871"]
[Site "http://www.queenalice.com/game.php?id=1188275"]
[Date "2013.6.6"]
[Round "1"]
[White "francoxx48"]
[Black "Artking"]
[Result "0-1"]
[WhiteElo "1714"]
[BlackElo "1886"]

1. d4 Nf6 2. Nc3 c6 3. e4 d6 4. f3 Nbd7 5. g4 h6 6. h4 e5 7. Nge2 exd4 8. Nxd4
Nc5 9. b4 Ne6 10. Be2 Qb6 11. Nxe6 Bxe6 12. Na4 Qc7 13. Bb2 O-O-O 14. Bd4 c5 15.
Nc3 cxd4 16. Nb5 Qb6 17. a4 d5 18. a5 Bxb4+ 19. Kf1 Bxa5 20. e5 Nd7 21. Nd6+ Kb8
22. Rb1 Bb4 23. Nb5 Qc5 24. f4 a6 25. Nxd4 a5 26. Nb3 Qe3 27. f5 Nxe5 28. fxe6
fxe6 29. Kg2 Rdf8 30. Rf1 Bd6 31. Qd4 Qxe2+ 32. Rf2 Rxf2+ 33. Qxf2 Qxg4+ 34. Qg3
Qe4+ 35. Kh3 Rf8 36. Re1 Qf5+ 37. Kg2 Qxc2+ 38. Kh3 Rf3 39. Qxf3 Nxf3 40. Kg4
Qf5# 0-1

[Event "AUTO-ADV-2871"]
[Site "http://www.queenalice.com/game.php?id=1188286"]
[Date "2013.6.6"]
[Round "1"]
[White "francoxx48"]
[Black "markim03"]
[Result "1-0"]
[WhiteElo "1730"]
[BlackElo "1754"]

1. d4 d5 2. e3 c6 3. Nf3 Nf6 4. Ne5 e6 5. c3 Nbd7 6. f3 Be7 7. g4 Nxe5 8. dxe5
Nd7 9. Qd4 c5 10. Qa4 O-O 11. f4 a6 12. Na3 Nb6 13. Qc2 d4 14. e4 dxc3 15. bxc3
Nd7 16. Bb2 b5 17. O-O-O Qb6 18. h4 b4 19. Nc4 Qc7 20. g5 bxc3 21. Qxc3 Rb8 22.
f5 f6 23. Bd3 exf5 24. e6 Nb6 25. e5 Bxe6 26. exf6 gxf6 27. g6 hxg6 28. Qc2 Nxc4
29. Bxc4 Bxc4 30. Qxc4+ Kg7 31. h5 Rbd8 32. hxg6 Rh8 33. Qf7# 1-0

[Event "AUTO-ADV-2871"]
[Site "http://www.queenalice.com/game.php?id=1188287"]
[Date "2013.6.6"]
[Round "1"]
[White "markim03"]
[Black "francoxx48"]
[Result "0-1"]
[WhiteElo "1689"]
[BlackElo "1747"]

1. d4 d5 2. c4 Nf6 3. Nc3 e6 4. Nf3 h6 5. e3 g5 6. Bd2 c6 7. Bd3 Na6 8. cxd5 Nb4
9. Bc2 a6 10. dxc6 bxc6 11. a3 Nxc2+ 12. Qxc2 Bd6 13. h3 c5 14. dxc5 Bxc5 15.
O-O-O Nd7 16. Ne4 Qb6 17. Nxc5 Qxc5 18. Bb4 Qxc2+ 19. Kxc2 f5 20. Rd2 Bb7 21.
Rhd1 Be4+ 22. Kc1 Rc8+ 23. Bc3 Rh7 24. Nd4 Nc5 25. f3 Bd5 26. Kb1 Rb7 27. Nxe6
Bxe6 28. Rd6 Ke7 29. Bb4 Kf7 30. Rc1 Rb5 31. Bxc5 Rbxc5 32. Rcd1 Kf6 33. Rxa6 f4
34. exf4 gxf4 35. b4 Rc2 36. Rdd6 Rc1+ 0-1

[Event "AUTO-OPEN-3129"]
[Site "http://www.queenalice.com/game.php?id=1235379"]
[Date "2013.11.26"]
[Round "1"]
[White "francoxx48"]
[Black "mauricio_sm"]
[Result "0-1"]
[WhiteElo "1803"]
[BlackElo "2014"]

1. d4 Nf6 2. d5 e6 3. c4 Bb4+ 4. Nd2 exd5 5. a3 Bxd2+ 6. Qxd2 dxc4 7. f3 d5 8.
Qc3 c5 9. g4 Be6 10. Qe5 Nc6 11. Qg5 O-O 12. e3 h6 13. Qh4 Nd7 14. g5 Qxg5 15.
Qg3 Qxg3+ 16. hxg3 Na5 17. Rb1 Bf5 18. e4 dxe4 19. Be3 exf3 20. Rc1 Rfe8 21. Kf2
Ne5 22. Rc3 Nd3+ 23. Kxf3 Be4+ 0-1

[Event "AUTO-OPEN-3129"]
[Site "http://www.queenalice.com/game.php?id=1235380"]
[Date "2013.11.26"]
[Round "1"]
[White "mauricio_sm"]
[Black "francoxx48"]
[Result "1-0"]
[WhiteElo "2022"]
[BlackElo "1795"]

1. e4 d5 2. exd5 Qxd5 3. Nc3 Qe6+ 4. Qe2 Na6 5. Qxe6 Bxe6 6. Bxa6 bxa6 7. Nf3 f6
8. O-O h5 9. Re1 Kd7 10. Nd4 Bh3 11. gxh3 e5 12. Nf5 c6 13. d3 g6 14. Ne3 Be7
15. Nc4 h4 16. Be3 Kc7 17. f4 Nh6 18. fxe5 Nf5 19. Bf4 Bc5+ 20. Kh1 g5 21. Bd2
Nd4 22. Rac1 Nf3 23. Re2 Rae8 24. exf6 1-0

[Event "AUTO-OPEN-3129"]
[Site "http://www.queenalice.com/game.php?id=1235381"]
[Date "2013.11.26"]
[Round "1"]
[White "francoxx48"]
[Black "carloswecker"]
[Result "0-1"]
[WhiteElo "1777"]
[BlackElo "1945"]

1. d4 d5 2. e3 Nf6 3. c3 e6 4. f3 c5 5. Qa4+ Bd7 6. Qb3 c4 7. Qc2 Be7 8. g4 Bc6
9. g5 Nfd7 10. f4 Nf8 11. Nf3 Nbd7 12. h4 h5 13. gxh6 Rxh6 14. h5 Nf6 15. Ne5
Rxh5 16. Qg2 Rxh1 17. Qxh1 N6d7 18. Nxf7 Kxf7 19. Nd2 Bh4+ 20. Ke2 Ng6 21. Nf3
Qh8 22. Bh3 Nf6 23. f5 exf5 24. Bxf5 Bg3 25. Ng5+ Ke7 26. Qxh8 Nxh8 27. b4 Nf7
28. Ba3 b5 29. Rg1 Nxg5 30. Rxg3 Nfe4 31. Bxe4 Nxe4 32. Rxg7+ Kf6 33. Rc7 Be8
34. Bb2 Bh5+ 35. Kf1 Bf7 36. Rc6+ Kf5 37. Rh6 Bg6 38. Rh4 a5 39. a3 axb4 40.
cxb4 Nd2+ 41. Ke2 Ne4 42. Rh6 Re8 43. Rh4 Nf6 44. Kf3 Re4 45. Rh8 Re8 46. Rxe8
Nxe8 47. a4 bxa4 48. b5 Nd6 49. b6 Be8 50. Ba3 Nb7 51. Ke2 Ke4 52. Bb4 Bb5 53.
Kd2 Ba6 54. Ba3 Na5 55. Bb2 Nb3+ 56. Kc3 Kxe3 0-1

[Event "AUTO-OPEN-3129"]
[Site "http://www.queenalice.com/game.php?id=1235382"]
[Date "2013.11.26"]
[Round "1"]
[White "carloswecker"]
[Black "francoxx48"]
[Result "1-0"]
[WhiteElo "1954"]
[BlackElo "1768"]

1. d4 d5 2. c4 e6 3. Nf3 Bb4+ 4. Bd2 Nc6 5. e3 Nh6 6. Bxb4 Qf6 7. cxd5 exd5 8.
Bc3 Ng4 9. h3 Qh6 10. Bd3 f5 11. Nbd2 Be6 12. Nf1 g5 13. Ng3 Nf6 14. Bxf5 Ne4
15. Bxe4 dxe4 16. Nd2 O-O 17. Qh5 Qxh5 18. Nxh5 Bd5 19. Ng3 b5 20. Ndxe4 b4 21.
Bd2 h5 22. h4 g4 23. Rg1 a5 24. Ng5 Rf6 25. Nxh5 Rh6 26. Nf4 Bc4 27. b3 Ba6 28.
g3 Re8 29. Kd1 Bb7 30. Kc2 Na7 31. Rac1 Nb5 32. Kb2 c6 33. Rc5 Bc8 34. Rgc1 Rd6
35. Rxc6 Bf5 36. R6c5 Bd7 37. Ne4 Rxe4 38. Rg5+ Kf7 39. Nd3 Ree6 40. Ne5+ Rxe5
41. Rxe5 Rc6 42. Rxc6 Bxc6 43. d5 Bd7 44. Rg5 Nd6 45. Be1 Ne4 46. Rh5 Nc5 47.
Kc2 Kg6 48. Rh8 Bf5+ 49. Kc1 Be4 50. Rg8+ Kf5 51. Rg5+ Kf6 52. Rxg4 Nd3+ 53. Kd2
Nc5 54. f4 Bxd5 55. Rg5 Ne4+ 56. Kd3 Nxg5 57. hxg5+ 1-0

[Event "AUTO-OPEN-3129"]
[Site "http://www.queenalice.com/game.php?id=1235383"]
[Date "2013.11.26"]
[Round "1"]
[White "francoxx48"]
[Black "Wilson"]
[Result "1-0"]
[WhiteElo "1781"]
[BlackElo "1571"]

1. d4 d5 2. Nc3 e6 3. Nf3 Nf6 4. Bf4 Bb4 5. a3 Be7 6. Nb5 O-O 7. Nxc7 Bd6 8.
Nxa8 Bxf4 9. e3 Bd6 10. b4 Nc6 11. b5 Qa5+ 12. Nd2 Ne7 13. f3 b6 14. Bd3 Bb7 15.
g4 Bxa8 16. g5 Nh5 17. f4 g6 18. Kf2 Nf5 19. a4 Qb4 20. c3 Qxc3 21. Nb3 Nxf4 22.
exf4 Bxf4 23. h4 Nxd4 24. Rb1 Nf5 25. Rh3 Ne3 26. Rxe3 Bxe3+ 27. Kxe3 e5 28. Kf2
e4 29. Rc1 Qb4 30. Bc2 Qxa4 31. Nd4 e3+ 32. Kg3 Qa3 33. Bb3 e2 34. Nxe2 Qd6+ 35.
Nf4 Bb7 36. Qe1 a5 37. Rd1 Qa3 38. Rd3 Qd6 39. Bxd5 Bc8 40. Bxf7+ Rxf7 41. Rxd6
Kf8 42. Rd8+ Kg7 43. Qc3+ 1-0

[Event "AUTO-OPEN-3129"]
[Site "http://www.queenalice.com/game.php?id=1235384"]
[Date "2013.11.26"]
[Round "1"]
[White "Wilson"]
[Black "francoxx48"]
[Result "1-0"]
[WhiteElo "1532"]
[BlackElo "1759"]

1. Nf3 e6 2. d4 h6 3. e4 g5 4. Bb5 c6 5. Bd3 d5 6. e5 Nd7 7. O-O c5 8. c3 Nb6 9.
dxc5 Bxc5 10. b4 Bxf2+ 11. Rxf2 g4 12. Nd4 h5 13. a4 g3 14. hxg3 h4 15. Qg4 Nh6
16. Qg7 Kd7 17. Bb5+ Kc7 18. Bxh6 hxg3 19. Rxf7+ Kb8 20. Nxe6 Qg8 21. Nd2 Qxg7
22. Bxg7 Bxe6 23. Re7 Rh7 24. Nf3 Bf5 25. e6 a6 26. Be5+ Ka7 27. Rf7 Rxf7 28.
exf7 Rf8 29. Ng5 Nc8 30. Bg7 Rxf7 31. Nxf7 axb5 32. axb5+ Kb6 33. Bd4+ Kxb5 34.
Ra5+ Kc4 35. Ne5+ Kb3 36. Rxd5 Ne7 37. Rd7 Nc6 38. Nxc6 bxc6 39. Rf7 Be4 40. Be5
Kc4 41. Rf4 Kd5 42. Bc7 Bc2 43. c4+ Ke6 44. c5 Kd5 45. Rg4 Ba4 46. Rxg3 Kc4 47.
Ba5 Bd1 48. Rg6 Ba4 49. g4 Kd5 50. g5 Ke5 51. Rh6 Kf5 52. g6 Kf6 53. b5 Bxb5 54.
Bc3+ Kg5 55. Bg7 Bd3 56. Rh3 Bxg6 57. Rg3+ Kf5 58. Kf2 Bf7 59. Kf3 Bd5+ 60. Kf2
Ke4 61. Re3+ Kf4 62. Be5+ Kf5 63. Bg3 Kf6 64. Be5+ Ke6 65. Bd6+ Kd7 66. Re7+ 1-0

[Event "AUTO-ADV-2871"]
[Site "http://www.queenalice.com/game.php?id=1249436"]
[Date "2014.1.19"]
[Round "2"]
[White "Artking"]
[Black "francoxx48"]
[Result "1-0"]
[WhiteElo "1901"]
[BlackElo "1789"]

1. e4 e5 2. Nf3 Nc6 3. Bb5 Qf6 4. c3 d6 5. d3 h6 6. O-O Bd7 7. Nbd2 g5 8. h3
Nge7 9. Qe2 a6 10. Ba4 b5 11. Bb3 h5 12. Nh2 Ng6 13. Ndf3 Nf4 14. Bxf4 gxf4 15.
Rad1 Be7 16. d4 Qg7 17. Kh1 Rg8 18. g4 hxg4 19. hxg4 Rh8 20. Rg1 O-O-O 21. Kg2
Qh7 22. Kf1 Qh3+ 23. Ke1 Rdg8 24. Bxf7 Rg7 25. Bd5 Na7 26. dxe5 Rh6 27. a4 c6
28. axb5 axb5 29. exd6 Rxd6 30. Ra1 cxd5 31. Rxa7 Bf6 32. e5 Bxe5 33. Nxe5 Re7
34. Nhf3 Rde6 35. Ng5 Rxe5 36. Nxh3 Rxe2+ 37. Kd1 Rxb2 38. Kc1 Kb8 39. Rxd7 Rxd7
40. Kxb2 f3 41. g5 Kc7 42. Nf4 Kd6 43. g6 Rg7 44. Rg5 Rxg6 45. Rxg6+ Ke5 46.
Nd3+ 1-0

[Event "AUTO-ADV-2871"]
[Site "http://www.queenalice.com/game.php?id=1249437"]
[Date "2014.1.19"]
[Round "2"]
[White "francoxx48"]
[Black "Artking"]
[Result "0-1"]
[WhiteElo "1788"]
[BlackElo "2014"]

1. d4 Nf6 2. f3 d5 3. h3 Bf5 4. e3 e6 5. c3 Bd6 6. Ne2 h5 7. h4 Nbd7 8. b4 c6 9.
g3 e5 10. f4 exf4 11. Nxf4 Ne4 12. Bd3 Qe7 13. Nxh5 Rxh5 14. Qxh5 Bxg3+ 15. Ke2
Qe6 16. Qh8+ Ke7 17. Qxg7 Bg4+ 18. Kf1 Qf5+ 19. Kg1 Qf2# 0-1